Csorbató Ujszálloda tófelöl
| Format: | Postcard |
|---|---|
| Language: | Slovak Hungarian German |
| PhysicalDescription: | 1 pohľadnica čiernobiela 9 x 14 cm |
| Published: |
Csorbató
Quirsfeld János
[medzi 1905 a 1917?]
|
| Subjects: |
MARC
| LEADER | 00000nkm a2200000 a 4500 | ||
|---|---|---|---|
| 001 | vtls011561800 | ||
| 003 | SK-MaSNL | ||
| 005 | 20260512124006.0 | ||
| 007 | kp bo | ||
| 008 | 231214q1905 xo |g||||| |00 kuslo | ||
| 015 | |a SNBG | ||
| 035 | |a urn:nbn:sk:snk-km00bktf | ||
| 035 | |a urn:nbn:sk:snk-km3lndn | ||
| 035 | |a 118B5108-9967-4B60-B13C-C5E62C7083BB | ||
| 040 | |a SNK |b slo |c SNK |e AACR2 | ||
| 041 | 0 | |a hun |a ger | |
| 043 | |a e-xo--- | ||
| 044 | |a xo |c SK | ||
| 080 | |a 908(437.6) |2 2011 | ||
| 080 | |a 640.412 |2 2011 | ||
| 080 | |a (084.121) |2 2011 | ||
| 080 | |a (437.6) |2 2011 | ||
| 245 | 0 | 0 | |a Csorbató Ujszálloda tófelöl |h grafika |
| 246 | 3 | 1 | |a Csorba-See |b Grand Hotel |
| 260 | |a Csorbató |b Quirsfeld János |c [medzi 1905 a 1917?] | ||
| 300 | |a 1 pohľadnica |b čiernobiela |c 9 x 14 cm | ||
| 610 | 2 | 7 | |a Grandhotel (Štrbské Pleso, Slovensko) |2 SNKKA |9 52502 |
| 651 | 7 | |a Vysoké Tatry (Poľsko a Slovensko : pohorie) |2 SNKPHgeo |9 67729 | |
| 651 | 7 | |a Starý Smokovec (Vysoké Tatry, Slovensko) |2 SNKPH |9 160864 | |
| 651 | 7 | |a Štrbské pleso (Vysoké Tatry, Slovensko) |2 SNKPH |9 174793 | |
| 655 | 7 | |a miestne pohľadnice |2 SNKPH |9 70510 | |
| 852 | |a Slovenská národná knižnica | ||
| 958 | |a GC | ||
| 958 | |a GBN | ||
| 958 | |a ONDV | ||
| 999 | |c 846114 |d 848044 | ||
| 952 | |a SNK |b SNK |y PREZ |7 0 |p 17A1183994 |o snkSP 14971 |0 0 |1 0 |4 0 |d 2016-06-21 |f 1 |l 0 |r 2026-02-24 04:26:29 |w 2026-02-24 | ||


